43 - 熊本県の自治体(Text) - Statistics

General Stats
  • This quiz has been taken 11 times
  • The average score is 31 of 45
Answers on the Map
Answers color-coded by a green-red scale on the quiz's map according to % correct below.
 
Answer Stats
市町村 % Correct
阿蘇あそ
100%
天草あまくさ
100%
熊本くまもと
100%
水俣みなまた
100%
八代やつしろ
100%
上天草かみあまくさ
89%
菊池きくち
89%
球磨くまぐん 球磨くまむら
89%
玉名たまな
89%
人吉ひとよし
89%
阿蘇あそぐん 南阿蘇みなみあそむら
89%
天草あまくさぐん 苓北れいほくまち
89%
荒尾あらお
78%
球磨くまぐん 五木いつきむら
78%
宇城うき
78%
阿蘇あそぐん 小国おぐにまち
78%
玉名たまなぐん 南関なんかんまち
78%
阿蘇あそぐん 南小国みなみおぐにまち
78%
球磨くまぐん あさぎりちょう
78%
葦北あしきたぐん 芦北あしきたまち
67%
宇土うと
67%
阿蘇あそぐん 産山うぶやまむら
67%
菊池きくちぐん 大津おおづまち
67%
菊池きくちぐん 菊陽きくようまち
67%
合志こうし
67%
球磨くまぐん 相良さがらむら
67%
葦北あしきたぐん 津奈木つなぎまち
67%
阿蘇あそぐん 西原にしはらむら
67%
上益城かみましきぐん 益城ましきまち
67%
山鹿やまが
67%
上益城かみましきぐん 嘉島かしままち
56%
玉名たまなぐん 玉東ぎょくとうまち
56%
阿蘇あそぐん 高森たかもりまち
56%
球磨くまぐん 多良木たらぎまち
56%
玉名たまなぐん 和水なごみまち
56%
八代やつしろぐん 氷川ひかわちょう
56%
球磨くまぐん 水上みずかみむら
56%
上益城かみましきぐん 山都やまとちょう
56%
球磨くまぐん 湯前ゆのまえまち
56%
玉名たまなぐん 長洲ながすまち
44%
球磨くまぐん にしきまち
44%
球磨くまぐん 山江やまえむら
44%
上益城かみましきぐん 甲佐こうさまち
33%
下益城しもましきぐん 美里みさとまち
33%
上益城かみましきぐん 御船みふねまち
33%
No matching quizzes found
Score Distribution
Percent of People with Each Score
Percentile by Number Answered
Your Score History
You have not taken this quiz